Diseño de mini acueducto por bombeo eléctrico (MABE) en la comunidad de San Lorenzo Municipio de San Juan de Limay, departamento de Estelí

Describe en forma detallada el procedimiento a través del cual se desarrollo la propuesta de diseño de un mini acueducto por bombeo eléctrico (MABE), para la comunidad San Lorenzo del municipio de San Juan de Lima, para un periodo de 20 años (2020-2040), con el propósito de ayudar al mejoramien...

Full description

Bibliographic Details
Main Authors: Zeledón Murillo, Ana Lesbia, Centeno Merlo, Noel Alexis
Other Authors: Tutor: Loaisiga; Henry Eduardo
Format: Tesis Section = Libro
Language:Undetermined
Spanish
Published: Managua UNI/RUACS 2020
Subjects:
LEADER 01487nam a2200277Ia 4500
008 240830s9999 xx 000 0 und d
040 |a BIBLIOTECA-RUPAP Mon 628.72 Z49 
041 |a spa 
082 |a Mon 628.72 Z49 
100 1 |a Zeledón Murillo, Ana Lesbia 
100 1 |b  Centeno Merlo, Noel Alexis 
245 1 0 |a Diseño de mini acueducto por bombeo eléctrico (MABE) en la comunidad de San Lorenzo Municipio de San Juan de Limay, departamento de Estelí 
260 |a Managua  |b UNI/RUACS  |c 2020 
300 |a 85 p. :il. 
500 |a Contiene: anexos y CD. 
502 |a Tesis (Ingeniero Civil)- UNI, 2020. 
520 3 |a Describe en forma detallada el procedimiento a través del cual se desarrollo la propuesta de diseño de un mini acueducto por bombeo eléctrico (MABE), para la comunidad San Lorenzo del municipio de San Juan de Lima, para un periodo de 20 años (2020-2040), con el propósito de ayudar al mejoramiento de las condiciones higiénico-sanitarias de la comunidad, este sistema será diseñado a partir de las normas rurales para el abastecimiento de agua potable establecidas por INAA, para la formulación y desarrollo de proyectos de agua potable en el su sector rural. 
650 7 |a ABASTECIMIENTO DE AGUA 
650 7 |b CONSUMO DE AGUA 
650 7 |c CALIDAD DEL AGUA 
650 7 |d ACUEDUCTOS-DISEÑO 
650 7 |e INGENIERIA SANITARIA-PROYECTOSA 
700 1 |a Tutor:  |b Loaisiga; Henry Eduardo 
942 |c BK  |2 ddc 
991 |a TESIS 
999 |c 16598